Loading...
Parties and party systems: A framework for analysis, Vol.1
| Main Author: | |
|---|---|
| Format: | Printed Book |
| Published: |
Cambridge
Cambridge University Press
1976
|
| Subjects: |
| LEADER | 00495nam a2200157 4500 | ||
|---|---|---|---|
| 082 | |a 324.2 SAR-P.1 | ||
| 100 | |a Sartori, Giovanni | ||
| 245 | |a Parties and party systems: A framework for analysis, Vol.1 | ||
| 250 | |||
| 260 | |a Cambridge |b Cambridge University Press |c 1976 | ||
| 300 | |||
| 490 | |||
| 650 | |a Political parties | ||
| 942 | |c BK | ||
| 999 | |c 220999 |d 220999 | ||
| 952 | |0 0 |1 0 |4 0 |6 324_200000000000000_SARP_1 |7 0 |9 235132 |a SDE |b SDE |d 2019-12-12 |l 0 |o 324.2 SAR-P.1 |p SDE284 |r 2019-12-12 |w 2019-12-12 |y BK | ||